000 01544ntaaa2200421 4500
003 01
005 20251027203228.0
008 0714s1973 ag 01
020 _a9684524765
040 _aAR-BaBN
_bspa
_cAR-BaBN
_eaacr
_dRIC
082 _a229.8 R68
245 _aEvangelios apócrifos /
_ccon introducción de Daniel Rops
250 _a3a ed.
260 _aMéxico :
_bPorrúa,
_c1996
300 _a213 p.
490 _a"Sepan cuantos.." ;
_v602
505 _tIntroducción, p. IX-XXV. Trata sobre el surgimiento y tratamiento de los evangelios apócrifos a lo largo de la historia
505 _tApócrifos, p. XXVII-XXXI. Lista de apócrifos del AT y el NT
505 _tAPOCRIFOS DE LA NATIVIDAD Y DE LA INFANCIA
505 _tProtoevangelio de Santiago
505 _tEvangelio del Pseudo Mateo
505 _tLibro de la natividad de María
505 _tEvangelio de Tomás
505 _tEvangelio árabe de la infancia
505 _tHistoria de José el Carpintero
505 _tAPOCRIFOS DE LA PASION Y RESURRECCION
505 _tEvangelio de Pedro
505 _tEvangelio de Nicodemo o Hechos de Pilato
505 _tEscritos complementarios a las Actas de Pilato
505 _tEvangelio de Bartolomé
505 _tAPOCRIFOS ASUNCIONISTAS
505 _tLibro de San Juan Evangelista
505 _tLibro de Juan, Arzobispo de Tesalònica
505 _tNarración del Pseudo José de Arimatea
650 _aEVANGELIOS APOCRIFOS
_914242
700 _aRops, Daniel
_eintroducción
_912463
942 _cBK
999 _c27731
_d27731